| 000 | 00495 a2200181 4500 | ||
|---|---|---|---|
| 003 | OSt | ||
| 005 | 20231214085207.0 | ||
| 008 | 231213b |||||||| |||| 00| 0 eng d | ||
| 020 | _a9788193021286 | ||
| 040 | _coclc | ||
| 082 |
_a894.8123 _bJAY/N |
||
| 100 |
_aJayamohan _96962 |
||
| 245 |
_aNooru Simhaasanangal / _cJayamohan |
||
| 250 | _a3rd ed. | ||
| 260 |
_aPalakkad: _bLogos Books, _c2021. |
||
| 300 | _a56p. | ||
| 942 |
_2ddc _cBK _h894.8123 _iJAY/N _k894.8123 _mJAY/N |
||
| 999 |
_c44093 _d44093 |
||